Historia, teorías y técnicas de la psicoterapia cognitiva /

Salvato in:
Dettagli Bibliografici
Autore principale: Semerari, Antonio (autor)
Natura: Libro
Lingua:spagnolo
Pubblicazione: Barcelona, España : Paidós, 2002, c2002
Serie:(Psicología, Psiquiatría, Psicoterapia ; 206)
Soggetti:
Tags: Aggiungi Tag
Nessun Tag, puoi essere il primo ad aggiungerne!!

MARC

LEADER 00000nam^a2200000^a^4500
001 000141842
005 20250521000000.0
009 20260310095628.987
020 |a 84-493-1233-7 
037 |a Acervo ITESO - Biblioteca 
041 |a ESP 
082 |a 616. 89148  |b SEM 
100 |a Semerari, Antonio  |e (autor) 
245 1 0 |a Historia, teorías y técnicas de la psicoterapia cognitiva /  |c A. Semerari ; tr. por Ma. Jesús Fenero. 
264 4 |a Barcelona, España :  |b Paidós,  |c 2002, c2002 
300 |a 281 p. 
336 |a texto  |b txt  |2 rdacontenido 
337 |a sin mediación  |b n  |2 rdamedio 
338 |a volumen  |b nc  |2 rdasoporte 
440 1 |a (Psicología, Psiquiatría, Psicoterapia ;  |v 206) 
500 |a Traducción de: Storia, teorie e tecniche della psicoterapia cognitiva 
649 |a XX 
650 |a Desarrollo Cognoscitivo 
650 |a Psicoterapia -  |x Historia 
650 |a Psicoterapia -  |x Teoría 
650 |a Psicoterapia -  |x Metodología -  |x Tema Principal 
650 |a Psicología Clínica 
650 |a Ciencias Médicas 
910 |a Fondo General 
920 |a Impresos - Libros 
930 |a Colección General 
905 |a 101 
901 |a 0500070508  |b IT1  |c ACC  |u 20250521 
902 |a https://opac.biblio.iteso.mx/vufind/Record/000141842